000 01128nam a22002057a 4500
008 240419t2024 xxk|||||o|||| 00| 0 eng d
041 _aeng
110 _aRoyal Institution of Chartered Surveyors
245 _aRICS Black Book user survey
_h[Electronic resource]
260 _aLondon,
_bRoyal Institution of Chartered Surveyors,
_c19 April 2024
490 _aRICS Consultation
490 _aRICS Black Book
520 _aRICS is planning a major update to its portfolio of construction guidance (Black Book). Expected to publish in 2025, the new Black Book will comprise of an overarching global professional standard, accompanied by practical guidance material. Insights from the questionnaire will be used to help the RICS refine their approach regarding content, structure and navigation of these important standards. Consultation opened 19 April 2024 closes 31 May 2024.
650 _aCONSTRUCTION
651 _aInternational
690 _aConstruction management
_96230
710 _aRoyal Institution of Chartered Surveyors
856 _uhttps://www.surveymonkey.com/r/HGDYHQ5
_zView the survey
942 _n0
999 _c121913
_d121913